Klinická revmatologie

Bibliographic Details
Main Authors: Pavelka, Karel, 1954- (Author), Rovenský, Jozef, 1943-2024 (Author)
Format: Book
Language:Czech
PhysicalDescription:xl, 952 s. fotogr., ilustr., tab. 26 cm
Published: Praha Galén 2003
ISBN:8072621742
Subjects:

MARC

LEADER 00000cam a2200000 a 4500
001 vtls008289653
003 SK-MaSNL
005 20260301164358.0
008 240314s2003 xr oa f 001 0 cze
015 |a SNBZSA2014-002334 
020 |a 8072621742  |q (viaz.) 
035 |a SVKPOKN101132 
035 |a urn:nbn:sk:snk-amkp0x 
035 |a urn:nbn:sk:snk-am003q38 
035 |a E942CA82-0C3A-4548-B1DC-D36DC9181FAB 
040 |a SNK  |b slo  |c SNK  |e AACR2 
041 0 |a cze 
044 |a xr  |c CZ 
072 7 |a 616  |x Patológia. Klinická medicína  |2 konspekt 
080 |a 616-002.77  |2 2001 
080 |a (048.8:082)  |2 2001 
080 |a 616  |2 2001 
100 1 |a Pavelka, Karel,  |d 1954-  |4 aut  |9 132438 
245 1 0 |a Klinická revmatologie  |c Karel Pavelka, Jozef Rovenský - hlavní autoři a pořadatelé 
260 |a Praha  |b Galén  |c 2003 
300 |a xl, 952 s.  |b fotogr., ilustr., tab.  |c 26 cm 
504 |a Bibliogr. odkazy ; reg. 
650 0 7 |a reumatológia  |2 SNKPH  |9 17152 
650 0 7 |a Rheumatology  |2 SNKPHeng  |9 268612 
650 0 7 |a Clinical medicine  |2 SNKPHeng  |9 267854 
650 0 7 |a klinická medicína  |2 SNKPH  |9 907 
655 7 |a kolektívne monografie  |2 SNKPH  |9 249850 
655 7 |a Collective monographs  |2 SNKPHeng  |9 125747 
700 1 |a Rovenský, Jozef,  |d 1943-2024  |4 aut  |9 189097 
919 |a 80-7262-174-2 
958 |a ZS 
958 |a SK 
958 |a CZ 
958 |a NB 
958 |a MI 
999 |c 820421  |d 822351 
952 |a SNK  |b SNK  |y PREZ  |7 0  |p 17A1113610  |o snkSB 86921  |i snk2014/15838  |8 4  |g 69.70  |0 0  |1 0  |4 0  |d 2014-06-27  |f 1  |l 0  |r 2025-05-07 00:00:00  |w 2026-02-24